000 01192cam a2200313 a 4500
999 _c7767
_d7767
001 3572387
003 OSt
005 20220302101712.0
008 980924s1998 enka b 101 0 eng d
010 _a 98232306
020 _a0340691859
035 _a(OCoLC)39926478
040 _aFrVuINSD
_bfre
_cFrVuINSD
_dDLC
042 _alccopycat
050 0 0 _aQA279
_b.K79 1998
082 0 0 _a519.5KRZ 1998
100 1 _aKrzanowski, W. J.
_915835
245 1 3 _aAn introduction to statistical modelling /
_cWojtek J. Krzanowski.
260 _aLondon ;
_aNew York :
_bArnold,
_c1998.
300 _ax, 252 p. :
_bill. ;
_c24 cm.
440 0 _aArnold texts in statistics
_915836
504 _aIncludes bibliographical references (p. [245]-246) and index.
650 0 _aLinear models (Statistics)
_913559
856 4 2 _3Publisher description
_uhttp://www.loc.gov/catdir/enhancements/fy0640/98232306-d.html
856 4 1 _3Table of contents only
_uhttp://www.loc.gov/catdir/enhancements/fy0640/98232306-t.html
906 _a7
_bcbc
_ccopycat
_d2
_encip
_f19
_gy-gencatlg
942 _2ddc
_cO_SHELF